00491nam a2200133Ia 4500008004100000100001900041245009500060245005300155260005300208260000900261300001100270650001500281856006100296170221s9999 xx 000 0 und d aOsaro Aigbogun 4aThe Mediating Impact of Halal Logistics on Supply Chain Resilience: An Agency Perspective  cOsaro Aigbogun, Zulkipli Ghazali, Radzuan Razali bInternational Review of Management and Marketing c2016 a6 : 4S xMarketing. uhttp://www.econjournals.com/index.php/irmm/issue/view/77